| 000 | 00872nam a22002777a 4500 | ||
|---|---|---|---|
| 999 |
_c5497 _d5497 |
||
| 001 | 6448 | ||
| 003 | BD-DhUAP | ||
| 005 | 20201223123016.0 | ||
| 008 | 201213r20011995ii a b 001 0 eng | ||
| 020 | _a0074622471 | ||
| 040 |
_aDLC _cDLC _dBD-DhUAP _beng |
||
| 082 | 0 | 0 |
_a628.3 WAS _223 |
| 245 |
_aWastewater engineering : _btreatment, disposal, and reuse / _crevised by George Tchobanoglous and Franklin L. Burton. |
||
| 250 | _a3rd ed. | ||
| 260 |
_aNew York : _bMcGraw-hill, _cc1991 [Reprinted 2001]. |
||
| 300 |
_axvi, 1334 pages : _billustrations ; _c23 cm. |
||
| 490 | _aWater resources and environmental engineering. | ||
| 500 | _aIncludes index. | ||
| 650 | _aSewage disposal. | ||
| 650 | _aSewerage. | ||
| 650 | _aWater reuse. | ||
| 700 | _aTchobanoglous, George. | ||
| 700 | _aBurton, Franklin L. | ||
| 710 | _aMetcalf & Eddy, Inc. | ||
| 942 |
_2ddc _cBK |
||